| 000 | 01628cam a2200133 4500500 | ||
|---|---|---|---|
| 005 | 20251214004414.0 | ||
| 041 | _afre | ||
| 042 | _adc | ||
| 100 | 1 | 0 |
_aVignaud, Laurent-Henri _eauthor |
| 245 | 0 | 0 | _aHistoire des sciences et des techniques : XVIe-XVIIIe siècle |
| 260 |
_bArmand Colin,
_c2020. |
||
| 520 | _aDurant plusieurs siècles, la catégorie même de « science(s) » est problématique et ambiguë, tout comme celle des « techniques » longtemps désignées comme « arts », parmi lesquels figuraient la médecine et l’alchimie. Faire l’histoire des sciences et des techniques avant 1800 revient donc à faire l’histoire d’une chose qui n’existe pas encore. Etudier les sciences et les techniques a permis de mettre en lumière les problématiques de notre modernité, entendue comme la capacité des sociétés occidentales à constituer un savoir sur la nature à portée universelle. La période qui s’étend de l’invention de l’imprimerie et des Grandes Découvertes jusqu’au siècle des Lumières est, de ce point de vue, riche en découvertes associées à des noms célèbres (Copernic, Galilée, Paré, Euler, Descartes, Newton, Linné, Buffon, Lavoisier, Monge...). Cet ouvrage ne retrace pas seulement les grandes étapes constitutives de la « science moderne », il s’interroge sur les rapports profonds entre ce savoir lentement acquis et l’évolution des sociétés modernes, tant sur le plan politique et culturel qu’économique. | ||
| 856 | 4 | 1 | _uhttps://shs.cairn.info/histoire-des-sciences-et-des-techniques--9782200630140?lang=fr&redirect-ssocas=7080 |
| 999 |
_c1568527 _d1568527 |
||